Normal view
MARC view
- الالتزامات -- قوانين وتشريعات -- الاردن - العراق - اليمن -- القانون المدني -- الاردن - العراق - اليمن
Entry Topical Term
001 - CONTROL NUMBER
- control field: 16130
003 - CONTROL NUMBER IDENTIFIER
- control field: JO-AjAnu
005 - DATE AND TIME OF LATEST TRANSACTION
- control field: 20230606072855.0
008 - FIXED-LENGTH DATA ELEMENTS
- fixed length control field: 230606|| aca||aabn | a|a d
040 ## - CATALOGING SOURCE
- Original cataloging agency: JO-AjAnu
- Transcribing agency: JO-AjAnu
150 ## - HEADING--TOPICAL TERM
- Topical term or geographic name entry element: الالتزامات -- قوانين وتشريعات -- الاردن - العراق - اليمن -- القانون المدني -- الاردن - العراق - اليمن
670 ## - SOURCE DATA FOUND
- Source citation: Work cat.: (JO-AjAnu)8279: الحكيم ، عبد المجيد, author 16129, الكافي في شرح القانون المدني الأردني والقانون المدني العراقي والقانون المدني اليمني في الالتزامات والحقوق الشخصية / الجزء الأول في مصادر الالتزام